00782cam a2200229 450000100060000000300080000600500170001400800410003102000150007203500190008704000320010604100080013808200240014610000330017024501270020326000300033030000360036035000090039650400190040565100600042465100680048428082BD-RjUL20211209051233.0140329s1970 enkb 001 0 eng d a0416149308 a(BD-RjUL)28163 aDLCcDLCdDLCdBD-RjULbeng aeng00a325.31096bPEC 19701 aPerham, Margery,d1895-1982.10aColonial sequence, 1949 to 1969 :ba chronological commentary upon British colonial policy in Africa /cby Margery Perham. aLondon :bMethuen,c1970. axxxvi, 377 p. :bill. ;c23 cm. a75/- aIncludes Index 0aGreat BritainxColonieszAfricaxHistoryy20th century. 0aGreat BritainxColoniesxAdministrationxHistoryy20th century.